01175nam a2200277Ia 4500001001100000003000500011008004100016010001100057040000900068090002200077100003800099245024300137260003400380300002200414502010500436700004700541710005000588901002200638902000600660905006300666910000900729942000900738942001200747999001900759952011900778Para_10371CHAP220125sDici xx 000 0 und d a209047 cCHAP aPA CD - TESIS 400 aPeña Pérez, Alejandro9128993 aRevisión bibliográfica sobre control biológico de ácaro blanco (Polyphagotarsonemus latus) (Banks) en Zarzamora (Rubus fruticosus) en Los Reyes de Salgado, Michoacán /c Alejandro Peña Pérez;Director Bertha Tlapal Bolaños aChapingo, Méx. :b el autor a1 CDS ROM (60 p.) aTesis (Ing. Agr. Esp. en Parasitología Agrícola). UACh. Departamento Parasitología Agrícola aTlapal Bolaños, Bertha. Director9171336 aUACh Departamento Parasitología Agrícola aPA CD - TESIS 400 aM a513220Diciembre, 2014 ab 8100000000 06 aDici cPARA cPARAd2 c209047d209047 00102local4051708TESISaPAbPAc10d2015-10-13fPARAl0pPA_010583r2022-01-25 00:00:00t1w2022-01-25yTDz3